000 00955nam a2200289Ia 4500
003 OSt
005 20221005093853.0
006 a|||||r|||| 00| 0
007 ta
008 221004b |||||||| |||| 00| 0 eng d
020 _a1859738869
_c1580.91
024 _a81808
037 _b150, 30/03/2005, KLM
_cTextual
040 _aCRL
_cCRL
_beng
041 _2eng
_aeng
082 _aV55.N9, P4
100 _aFrevert Ute
_9618770
245 0 _aNation in barracks
_b Modern Germany, military conscription and civil society tr by Andrew Boreham and Daniel Bruckenhaus
260 _aOxford
_bBerg U. K.
_c2004
300 _a322p.
_ccm.
650 _a HISTORY
650 _aGERMAN - HISTORY
_928569
700 _a Boreham Andrew Tr.
_9618771
700 _a Bruckenhaus Daniel Tr.
_9618772
942 _hV55.N9, P4
_cTEXL
_2cc
999 _c1001038
_d1001038